| 000 | 01246cam a2200133 4500500 | ||
|---|---|---|---|
| 005 | 20260405041612.0 | ||
| 041 | _afre | ||
| 042 | _adc | ||
| 100 | 1 | 0 |
_aMichaud, Yves _eauthor |
| 245 | 0 | 0 | _aL'Art et la Culture : N°20 |
| 260 |
_bOdile Jacob,
_c2002. |
||
| 520 | _aLe livre a-t-il un avenir ? Le cinéma est-il un art ? Peut-on parler d’uniformisation de la culture ? Quelle place la mode et les musiques nouvelles jouent-elles dans la culture globale ? Chercheurs, universitaires et artistes nous livrent leur vision de l’art et de la culture dans les sociétés contemporaines. L’Université de tous les savoirs : une approche contemporaine des différents domaines de la connaissance dans un esprit qui est à la fois celui du bilan encyclopédique et celui du questionnement d’avenir. Contributions de Michka Assayas, Marc Augé, Hans Belting, Laurence Benaïm, Yves Bonnefoy, René Bonnell, Daniel Buren, Roger Chartier, Jean-Louis Cohen, Antoine Compagnon, Louis Dandrel, Michel Deguy, Gilbert Durand, Marc Fumaroli, Gérard Genette, Serge Guilbaut, Claude Makovski, Patrick Mauriès, Jean-Marie Schaeffer. | ||
| 856 | 4 | 1 | _uhttps://shs.cairn.info/l-art-et-la-culture--9782738111791?lang=fr&redirect-ssocas=7080 |
| 999 |
_c2170902 _d2170902 |
||